عرض عادي
عرض مارك
- Recommender systems (Information filtering)
دخول Topical Term
001 - CONTROL NUMBER
- control field: 10319
003 - CONTROL NUMBER IDENTIFIER
- control field: AE-AdECS
005 - DATE AND TIME OF LATEST TRANSACTION
- control field: 20250108095443.0
008 - FIXED-LENGTH DATA ELEMENTS
- fixed length control field: 250108|| aca||aabn | a|a d
040 ## - CATALOGING SOURCE
- Original cataloging agency: AE-AdECS
- Transcribing agency: AE-AdECS
150 ## - HEADING--TOPICAL TERM
- Topical term or geographic name entry element: Recommender systems (Information filtering)
- General subdivision: Law and legislation
670 ## - SOURCE DATA FOUND
- Source citation: Work cat.: (AE-AdECS)288737: Recommender systems :
